PRINCIPLE OF INORGANIC CHEMISTRY (Record no. 9468)

MARC details
000 -LEADER
fixed length control field 00581nam a22001697a 4500
003 - CONTROL NUMBER IDENTIFIER
control field SGT
020 ## - INTERNATIONAL STANDARD BOOK NUMBER
International Standard Book Number 9788192143385
082 ## - DEWEY DECIMAL CLASSIFICATION NUMBER
Classification number 546.05,PUR
100 ## - MAIN ENTRY--PERSONAL NAME
Personal name PURI B.R.
245 ## - TITLE STATEMENT
Title PRINCIPLE OF INORGANIC CHEMISTRY
250 ## - EDITION STATEMENT
Edition statement 32ND
260 ## - PUBLICATION, DISTRIBUTION, ETC. (IMPRINT)
Place of publication, distribution, etc NEW DELHI
Name of publisher, distributor, etc MILESTONE
Year of Publication 2015-16
300 ## - PAGE DESCRIPTION
No. of Pages 1170
650 ## - SUBJECT ADDED ENTRY--TOPICAL TERM
Topical term or geographic name as entry element INORGANIC CHEMISTRY
653 ## - KEYWORDS--INDEX TERM
Keyword term WAVE MECHANICAL CONCEPT OF ATOMIC STRUCTURE, PERIODIC TABLE AND ATOMIC PROPERTIES, MOLECULAR SYMMETRY AND GROUP THEORY, CHEMICAL BONDING, THE STRUCTURE OF SOLID, NON-AQUEOUS SOLVENTS, METALS AND METALLURGY
942 ## - ADDED ENTRY ELEMENTS (KOHA)
Source of classification or shelving scheme Dewey Decimal Classification
Koha item type FPS Books
942 ## - ADDED ENTRY ELEMENTS (KOHA)
-- 31
Holdings
Withdrawn status Lost status Source of classification or shelving scheme Damaged status Not for loan Collection code Home library Current library Shelving location Date acquired Vendor Name Cost, normal purchase price SGTU Bill Number Full call number Accession No. (Barcode) Date last seen Bill Date Koha item type Total Checkouts Date last borrowed
    Dewey Decimal Classification   Not For Loan SCIENCE SGT Science & Social Sciences Library SGT Science & Social Sciences Library Reference Book 04/07/2016 KIRTI PRAKASHAN 650.00 SGTU 2947 546.05,PUR PS926 04/07/2016 19/09/2015 FPS Books    
    Dewey Decimal Classification     SCIENCE SGT Science & Social Sciences Library SGT Science & Social Sciences Library Text Book 12/07/2016 KIRTI PRAKASHAN 650.00 SGTU 2947 546.05,PUR PS927 23/03/2026 19/09/2015 FPS Books 45 17/03/2026